Applications of centre manifold theory
Uloženo v:
| Hlavní autor: | |
|---|---|
| Médium: | Kniha |
| Jazyk: | angličtina |
| Vydáno: |
Nueva York
Springer-Verlag
1981
|
| Edice: | Applied Mathematical Sciences, 35
|
| Témata: | |
| Tagy: |
Přidat tag
Žádné tagy, Buďte první, kdo vytvoří štítek k tomuto záznamu!
|
MARC
| LEADER | 00000nam a2200000 a 4500 | ||
|---|---|---|---|
| 001 | UCP3393 | ||
| 003 | CL-VaPUC | ||
| 008 | 990618e19810000US |||||||||||||||||eng|d | ||
| 082 | 0 | 4 | |a 516.07 |b CAR |2 21 |
| 100 | 0 | |a Carr, Jack |e author |9 430626 | |
| 245 | 1 | 0 | |a Applications of centre manifold theory |
| 300 | |a 142 p | ||
| 942 | |c BK | ||
| 945 | |d 19990618 00:00:00 |a crobeson | ||
| 260 | |a Nueva York |b Springer-Verlag |c 1981 | ||
| 650 | 0 | |a Variedades |9 393868 | |
| 650 | 7 | |a TEORIA DE LA BIFURCACION |2 CL-VaPUC |9 269963 | |
| 583 | |a last modification |c 19990618 00:00:00 |k Rodrigo Vera | ||
| 490 | 0 | |a Applied Mathematical Sciences, 35 | |
| 999 | |c 281720 |d 281718 | ||
| 952 | |0 0 |1 0 |4 0 |6 516_070000000000000_CAR_1981 |7 0 |8 A |9 322694 |a BIBMAT |b BIBMAT |d 2019-11-20 |i 1350676 |o 516.07 CAR 1981 |p 1350676 |r 2025-01-07 |w 2019-11-20 |y BK |k MAT | ||